|
|
|
|
| LEADER |
01705nam a2200385 a 4500 |
| 001 |
EBC457737 |
| 003 |
MiAaPQ |
| 005 |
20200520144314.0 |
| 006 |
m o d | |
| 007 |
cr cn||||||||| |
| 008 |
071105s2008 njua sb 001 0 eng |
| 010 |
|
|
|z 2007045932
|
| 020 |
|
|
|z 9780691131252 (cloth : alk. paper)
|
| 035 |
|
|
|a (MiAaPQ)EBC457737
|
| 035 |
|
|
|a (Au-PeEL)EBL457737
|
| 035 |
|
|
|a (CaPaEBR)ebr10312540
|
| 035 |
|
|
|a (CaONFJC)MIL215768
|
| 035 |
|
|
|a (OCoLC)432429099
|
| 040 |
|
|
|a MiAaPQ
|c MiAaPQ
|d MiAaPQ
|
| 043 |
|
|
|a e-sp---
|
| 050 |
|
4 |
|a HG3188.S37
|b G85 2008
|
| 082 |
0 |
4 |
|a 332.1/50946
|2 22
|
| 100 |
1 |
|
|a Guillen, Mauro F.
|
| 245 |
1 |
0 |
|a Building a global bank
|h [electronic resource] :
|b the transformation of Banco Santander /
|c Mauro F. Guillen, Adrian Tschoegl.
|
| 260 |
|
|
|a Princeton :
|b Princeton University Press,
|c c2008.
|
| 300 |
|
|
|a x, 266 p. :
|b ill.
|
| 504 |
|
|
|a Includes bibliographical references (p. [241]-253) and index.
|
| 505 |
0 |
|
|a Family-led banks in the global economy -- A family bank's origins -- The industrial group -- Survival of the biggest? -- The new world -- Alliances, and their limits -- Back to Europe -- Managerial style, governance, succession -- The future of a global group.
|
| 533 |
|
|
|a Electronic reproduction. Ann Arbor, MI : ProQuest, 2015. Available via World Wide Web. Access may be limited to ProQuest affiliated libraries.
|
| 610 |
2 |
0 |
|a Banco Santander Central Hispano
|x History.
|
| 650 |
|
0 |
|a Family corporations
|z Spain
|v Case studies.
|
| 655 |
|
4 |
|a Electronic books.
|
| 700 |
1 |
|
|a Tschoegl, Adrian E.
|
| 710 |
2 |
|
|a ProQuest (Firm)
|
| 856 |
4 |
0 |
|u https://ebookcentral.proquest.com/lib/matrademy/detail.action?docID=457737
|z Click to View
|